Antonio Conte's Italy - Statistics

General Stats
  • This quiz has been taken 17 times
  • The average score is 24 of 50
Answer Stats
Rank Player Position Nationality Matches Goals Assists % Correct
3 Gianluigi Buffon Goalkeeper 19 0 0
100%
6 Giorgio Chiellini Centre-Back 17 3 2
100%
1 Leonardo Bonucci Centre-Back 24 2 2
100%
31 Andrea Pirlo Defensive Midfield 4 0 1
94%
16 Daniele De Rossi Defensive Midfield 9 3 0
88%
12 Andrea Barzagli Centre-Back 11 0 0
81%
8 Alessandro Florenzi Right-Back 17 1 1
75%
20 Claudio Marchisio Central Midfield 7 1 1
75%
7 Graziano Pellè Centre-Forward 17 7 0
75%
13 Ciro Immobile Centre-Forward 11 1 1
69%
25 Lorenzo Insigne Left Winger 6 1 0
69%
11 Simone Zaza Centre-Forward 14 1 3
69%
9 Éder Centre-Forward 14 3 2
63%
14 Emanuele Giaccherini Left Midfield 10 1 2
63%
48 Ignazio Abate Right-Back 1 0 0
63%
21 Marco Verratti Central Midfield 7 0 1
63%
10 Mattia De Sciglio Right-Back 14 0 1
63%
17 Salvatore Sirigu Goalkeeper 8 0 0
63%
49 Andrea Poli Central Midfield 1 0 0
56%
4 Antonio Candreva Attacking Midfield 18 4 6
50%
28 Federico Bernardeschi Right Winger 5 0 0
50%
39 Francesco Acerbi Centre-Back 2 0 0
50%
2 Matteo Darmian Right-Back 22 1 1
50%
22 Thiago Motta Defensive Midfield 7 0 0
50%
36 Angelo Ogbonna Centre-Back 3 0 0
44%
32 Riccardo Montolivo Defensive Midfield 4 0 0
44%
33 Stefano Sturaro Central Midfield 4 0 0
44%
15 Stephan El Shaarawy Left Winger 10 2 0
44%
46 Alessio Cerci Right Winger 1 0 0
38%
42 Giacomo Bonaventura Attacking Midfield 2 0 1
38%
5 Marco Parolo Central Midfield 18 0 0
38%
41 Franco Vázquez Attacking Midfield 2 0 0
31%
43 Jorginho Defensive Midfield 2 0 0
31%
29 Manolo Gabbiadini Centre-Forward 5 1 0
31%
50 Mattia Perin Goalkeeper 1 0 0
31%
37 Alberto Aquilani Central Midfield 3 0 0
25%
44 Alessandro Matri Centre-Forward 2 0 0
25%
18 Andrea Ranocchia Centre-Back 8 0 0
25%
30 Davide Astori Centre-Back 4 0 0
25%
24 Luca Antonelli Left-Back 6 0 0
25%
26 Sebastian Giovinco Second Striker 6 0 1
25%
27 Andrea Bertolacci Central Midfield 5 0 1
19%
45 Mirko Valdifiori Defensive Midfield 1 0 0
19%
35 Stefano Okaka Centre-Forward 4 1 1
19%
34 Lorenzo De Silvestri Right-Back 4 0 0
13%
38 Mattia Destro Centre-Forward 3 0 0
13%
47 Nicola Sansone Left Winger 1 0 0
13%
40 Emiliano Moretti Centre-Back 2 0 0
6%
23 Manuel Pasqual Left-Back 6 0 1
6%
19 Roberto Soriano Attacking Midfield 8 0 0
6%
No matching quizzes found
Score Distribution
Percent of People with Each Score
Percentile by Number Answered
Your Score History
You have not taken this quiz